Βοτανική : μορφολογία και ανατομία φυτών
Αποθηκεύτηκε σε:
| Κύριος συγγραφέας: | |
|---|---|
| Μορφή: | Βιβλίο |
| Γλώσσα: | Greek |
| Δημοσίευση: |
Αθήνα :
Έμβρυο, Ιωάννης Χ. Καραμπέτσος,
2005
|
| Θέματα: | |
| Ετικέτες: |
Προσθήκη ετικέτας
Δεν υπάρχουν, Καταχωρήστε ετικέτα πρώτοι!
|
MARC
| LEADER | 00000nam a2200000 i 4500 | ||
|---|---|---|---|
| 001 | 1/23897 | ||
| 008 | 121108s2005 gre d | ||
| 020 | |a 960-8002-33-8 | ||
| 035 | |l 10113332 | ||
| 040 | |a GR-MY-UA |b gre |e aacr | ||
| 041 | 0 | |a gre | |
| 082 | 0 | |a 580 |2 (22) | |
| 100 | 1 | |a Καραμπέτσος, Ιωάννης Χ. | |
| 245 | 1 | 0 | |a Βοτανική : |b μορφολογία και ανατομία φυτών / |c Ιωάννης Χ. Καραμπέτσος |
| 260 | |a Αθήνα : |b Έμβρυο, |b Ιωάννης Χ. Καραμπέτσος, |c 2005 | ||
| 300 | |a 377 σ.; |b εικ.; |c 25 εκ. | ||
| 504 | |a Περιέχει βιβλιογραφία και γλωσσάριο | ||
| 650 | 0 | 0 | |a Botany. |
| 650 | 0 | 0 | |a Plant anatomy. |
| 852 | |a INST |b LEMNOS |e 20121108 |h 580 ΚΑΡ |p 005600000627 |q 005600000627 |t BK |y 0 | ||
| 901 | |a BIBL6-2012-3 | ||
| 909 | |a Μ |b 177482 | ||
| 922 | |a 6ΕΛΗ |b 201210 |c ΠΑΡΑΡΤΗΜΑ ΒΙΒΛΙΟΘΗΚΗΣ ΛΗΜΝΟΥ |d ΙΩΑΝΝΙΔΟΥ | ||
| 970 | |a ΤΣΟΥΚΑΛΑ |b ΑΛΙΚΗ |z 2012/11/08 | ||